Digital communications (Record no. 956)

000 -LEADER
fixed length control field 00508nam a2200205 a 4500
001 - CONTROL NUMBER
control field 956
003 - CONTROL NUMBER IDENTIFIER
control field BD-DhUET
008 - FIXED-LENGTH DATA ELEMENTS--GENERAL INFORMATION
fixed length control field 860516s1986 inua b 001 0 eng
020 ## - INTERNATIONAL STANDARD BOOK NUMBER
International Standard Book Number 0071181830
040 ## - CATALOGING SOURCE
Original cataloging agency DLC
Transcribing agency DLC
Modifying agency BD-DhUET
082 00 - DEWEY DECIMAL CLASSIFICATION NUMBER
Classification number 623.8
Item number PRO/2001
100 ## - MAIN ENTRY--PERSONAL NAME
Personal name Proakis, John G.
245 00 - TITLE STATEMENT
Title Digital communications
250 ## - EDITION STATEMENT
Edition statement 4th ed.
260 ## - PUBLICATION, DISTRIBUTION, ETC. (IMPRINT)
Place of publication, distribution, etc. Boston
Name of publisher, distributor, etc. McGraw-Hill
Date of publication, distribution, etc. 2001
300 ## - PHYSICAL DESCRIPTION
Extent xxi,1002p..
504 ## - BIBLIOGRAPHY, ETC. NOTE
Bibliography, etc Includes bibliographies

650 #0 - SUBJECT ADDED ENTRY--TOPICAL TERM
Topical term or geographic name as entry element Digital communications.
942 ## - ADDED ENTRY ELEMENTS (KOHA)
Koha item type General Book
Holdings
Lost status Koha full call number Price effective from Copy number Koha date last borrowed Piece designation (barcode) Damaged status Not for loan Koha issues (times borrowed) Sublocation or collection (holding branch) Koha item type Koha normalized classification for sorting Location (home branch) Source of classification or shelving scheme Date acquired Shelving location Koha date last seen Withdrawn status
 623.8/PRO/20012014-08-261 103342   Central Library, BUETGeneral Book623_000000000000000_8PRO2001Central Library, BUET 2014-08-26Circulation section2014-08-26 
 623.8/PRO/20012014-08-262 103344   Central Library, BUETGeneral Book623_000000000000000_8PRO2001Central Library, BUET 2014-08-26Circulation section2017-07-30 
 623.8/PRO/20012014-08-263 103345   Central Library, BUETGeneral Book623_000000000000000_8PRO2001Central Library, BUET 2014-08-26Circulation section2015-06-08 
 623.8/PRO/20012014-08-2642015-05-20103346  1Central Library, BUETGeneral Book623_000000000000000_8PRO2001Central Library, BUET 2014-08-26Circulation section2015-08-18 
 623.8/PRO/20012014-08-265 103347   Central Library, BUETGeneral Book623_000000000000000_8PRO2001Central Library, BUET 2014-08-26Circulation section2014-08-26 
 623.8/PRO/20012014-08-2662018-08-06103348  2Central Library, BUETGeneral Book623_000000000000000_8PRO2001Central Library, BUET 2014-08-26Circulation section2018-08-29 
 623.8/PRO/20012014-08-2672018-08-29103349  1Central Library, BUETGeneral Book623_000000000000000_8PRO2001Central Library, BUET 2014-08-26Circulation section2018-09-11 
 623.8/PRO/20012014-08-268 103350   Central Library, BUETGeneral Book623_000000000000000_8PRO2001Central Library, BUET 2014-08-26Circulation section2015-08-16 
 623.8/PRO/20012014-08-269 107674   Central Library, BUETGeneral Book623_000000000000000_8PRO2001Central Library, BUET 2014-08-26Circulation section2015-03-01 
 623.8/PRO/20012017-05-16102018-08-28103343  1Central Library, BUETGeneral Book623_800000000000000_PRO_2001Central Library, BUET 2007-05-07Circulation section2018-09-09